KOHA-Header-6

Raspberry PI Image Processing Programming (Record no. 1127)

000 -LEADER
fixed length control field 00307nam a2200121Ia 4500
008 - FIXED-LENGTH DATA ELEMENTS--GENERAL INFORMATION
fixed length control field 190722s9999 xx 000 0 und d
020 ## - INTERNATIONAL STANDARD BOOK NUMBER
International Standard Book Number 978-1-4842-2730-5
100 ## - MAIN ENTRY--PERSONAL NAME
Personal name Ashwin Pajankar
245 #0 - TITLE STATEMENT
Title Raspberry PI Image Processing Programming
260 ## - PUBLICATION, DISTRIBUTION, ETC. (IMPRINT)
Place of publication, distribution, etc Inda
Name of publisher, distributor, etc Apress
Date of publication, distribution, etc 2017
300 ## - PHYSICAL DESCRIPTION
Extent 127
942 ## - ADDED ENTRY ELEMENTS (KOHA)
Koha item type Books
Holdings
Withdrawn status Lost status Source of classification or shelving scheme Damaged status Not for loan Collection code Permanent Location Current Location Shelving location Date acquired Total Checkouts Full call number Barcode Date last seen Date checked out Price effective from Koha item type
          Computer Science MAJU MAJU Shelf No.A33 2019-07-22 1 6.66 7752 2024-05-29 2024-05-24 2019-07-22 Computer Science

Powered by Koha